000 01887nas1a22003131 4500
001 RU\NLR\Per\1116829
005 20260408121940.0
035 _a(NLR Aleph) 010719774
090 _a9813522
_c9813522
100 _a20251221 rusy50
101 0 _arus
102 _aRU
110 _azk|||||||||
200 1 _aФилолого-коммуникативные исследования
_dPhilological studies of communication
_eежегодник
_fФГБОУ ВПО "Алт. гос. ун-т", Науч.-образоват. центр филол. исслед. коммуникации, Каф. соврем. рус. яз. и речевой коммуникации
_zeng
207 0 _a2014
210 _aБарнаул
_cИзд-во Алтайского государственного университета
_d2014
311 _aПродолжается в электрон. виде (электрон. опт. диски)
440 0 _1001RU\NLR\BIBL_A\012049810
_12001#$aФилолого-коммуникативные исследования$bЭлектронный ресурс
510 1 _aPhilological studies of communication
_zeng
606 1 _aФилология
_jПериодические издания
_9921663
_3RU\NLR\AUTH\6619068
686 1 _aШ.я52
712 0 2 _4570
_aАлтайский государственный университет
_cБарнаул
_bНаучно-образовательный центр филологических исследований коммуникации
_3RU\NLR\AUTH\880404045
_9475103
852 _aNLR
_jП34/2242
942 _cSE
980 _aNB
980 _aRUSPER